000 00523nam a22001937a 4500
003 CEME
005 20210628205920.0
008 210208b xxu||||| |||| 00| 0 eng d
020 _a0-201-56388-6
040 _c.
082 _a658.4012 WHE
100 _aHunger, J. David Wheelen, Thomas.L
_977456
245 _aStrategic management and business policy
250 _a5TH
260 _aNEWYORK
_bADDISON WESLEY
_c1995
300 _a1217P
650 _aMANAGEMENT-STRATEGIC STRATEGIC PLANNING
_977457
942 _cBK
_2ddc
999 _c582720
_d582720